[Event "St Petersburg Korchnoi Memorial op"]
[Site "St Petersburg"]
[Date "2023.08.24"]
[Round "9"]
[White "Ivanov, Ivan S"]
[Black "Giryushta, Dmitriy"]
[Result "1/2-1/2"]
[WhiteElo "1384"]
[BlackElo "1161"]
[PlyCount "103"]
[EventDate "2023.08.18"]
[EventType "swiss"]
[EventRounds "9"]
[EventCountry "RUS"]
[SourceTitle "CBM 216 Extra"]
[Source "ChessBase"]
[SourceDate "2023.11.30"]
[SourceVersion "1"]
[SourceVersionDate "2023.11.30"]
[SourceQuality "1"]

1. e4 e5 2. Nf3 Nc6 3. Bc4 Bc5 4. 0-0 Nf6 5. d3 0-0 6. a4 d6 7. c3 a5 8. Be3 Ba7 9. Bxa7 Rxa7 10. Nbd2 Bg4 11. h3 Be6 12. Bxe6 fxe6 13. Ng5 Qe7 14. Qb3 Re8 15. Qd1 Raa8 16. f4 exf4 17. Rxf4 h6 18. h4 Ne5 19. Nh3 Nxd3 20. Rf3 Ne5 21. Rg3 Qf7 22. Qe2 Qh5 23. Nf3 Nxf3+ 24. gxf3 Re7 25. Qg2 Qxh4 26. Kh2 Nh5 27. Rg4 Qf6 28. Rg6 Qe5+ 29. Kh1 Nf4 30. Nxf4 Qxf4 31. Qh3 Rae8 32. Rag1 Kh7 33. Qh5 Rf8 34. R6g3 Rf6 35. Qxa5 e5 36. Qd5 Qe3 37. Qd1 Ref7 38. Kg2 Rg6 39. Rxg6 Kxg6 40. Qf1 Kh7 41. Qf2 Qxf2+ 42. Kxf2 g5 43. a5 Rf8 44. b4 Ra8 45. Rd1 Ra6 46. Kg3 Kg6 47. Ra1 b6 48. axb6 Rxb6 49. Rc1 Rb5 50. Rc2 h5 51. Rb2 c5 52. Rd2 1/2-1/2

[Event "St Petersburg Korchnoi Memorial op"]
[Site "St Petersburg"]
[Date "2023.08.22"]
[Round "7"]
[White "Giryushta, Dmitriy"]
[Black "Shindarev, Egor"]
[Result "1-0"]
[WhiteElo "1161"]
[BlackElo "1211"]
[PlyCount "47"]
[EventDate "2023.08.18"]
[EventType "swiss"]
[EventRounds "9"]
[EventCountry "RUS"]
[SourceTitle "CBM 216 Extra"]
[Source "ChessBase"]
[SourceDate "2023.11.30"]
[SourceVersion "1"]
[SourceVersionDate "2023.11.30"]
[SourceQuality "1"]

1. e4 e5 2. Nf3 Nc6 3. Bc4 Bc5 4. d3 Nf6 5. c3 0-0 6. d4 exd4 7. cxd4 Bb4+ 8. Bd2 Nxe4 9. Bxb4 Nxb4 10. d5 Nd6 11. Be2 Re8 12. 0-0 Nxd5 13. Qxd5 Rxe2 14. Nc3 Re8 15. Rfe1 Rxe1+ 16. Rxe1 Rb8 17. Ne4 Nxe4 18. Qxe4 g6 19. Qf4 d6 20. Ng5 Bf5 21. g4 Be6 22. Rxe6 Qd7 23. Re1 Re8 24. Ne4 1-0

[Event "St Petersburg Korchnoi Memorial op"]
[Site "St Petersburg"]
[Date "2023.08.21"]
[Round "6"]
[White "Ajusheva, Renata"]
[Black "Giryushta, Dmitriy"]
[Result "1-0"]
[WhiteElo "1427"]
[BlackElo "1161"]
[PlyCount "89"]
[EventDate "2023.08.18"]
[EventType "swiss"]
[EventRounds "9"]
[EventCountry "RUS"]
[SourceTitle "CBM 216 Extra"]
[Source "ChessBase"]
[SourceDate "2023.11.30"]
[SourceVersion "1"]
[SourceVersionDate "2023.11.30"]
[SourceQuality "1"]

1. c4 e5 2. b3 Bc5 3. e3 Nc6 4. Bb2 d6 5. Nf3 Bf5 6. a3 a5 7. Nc3 Nf6 8. Nh4 Be6 9. Nf3 Bf5 10. Nh4 Be6 11. g3 Qd7 12. f4 exf4 13. gxf4 Bg4 14. Be2 Bxe2 15. Qxe2 0-0-0 16. 0-0-0 Rde8 17. Qg2 Qg4 18. Qxg4+ Nxg4 19. Rdf1 Nf6 20. Rhg1 Rhg8 21. Nf5 Nh5 22. Nd5 f6 23. Rg2 Kb8 24. Rfg1 g6 25. Ng3 Nxg3 26. Rxg3 Rgf8 27. Nxf6 Re7 28. Nd5 Re6 29. Rh3 Rf7 30. Rg5 Kc8 31. Kc2 Ne7 32. d4 Ba7 33. Nxe7+ Rfxe7 34. Kd3 Bb6 35. Bc3 c5 36. d5 Re4 37. Bf6 Re8 38. Rgg3 a4 39. bxa4 Ba5 40. Rxh7 Be1 41. Rf3 Kb8 42. Rhh3 Ka7 43. Rf1 Ba5 44. Rg1 Ka8 45. Rxg6 1-0

[Event "St Petersburg Korchnoi Memorial op"]
[Site "St Petersburg"]
[Date "2023.08.20"]
[Round "4"]
[White "Balandina, Anna"]
[Black "Giryushta, Dmitriy"]
[Result "1/2-1/2"]
[WhiteElo "1464"]
[BlackElo "1161"]
[PlyCount "106"]
[EventDate "2023.08.18"]
[EventType "swiss"]
[EventRounds "9"]
[EventCountry "RUS"]
[SourceTitle "CBM 216 Extra"]
[Source "ChessBase"]
[SourceDate "2023.11.30"]
[SourceVersion "1"]
[SourceVersionDate "2023.11.30"]
[SourceQuality "1"]

1. Nf3 Nc6 2. d4 d5 3. g3 Bf5 4. Bg2 e6 5. 0-0 Nb4 6. Na3 Be7 7. c3 Nc6 8. Nc2 Nf6 9. Nce1 0-0 10. Nd3 Nd7 11. Bf4 Bd6 12. Bc1 Be7 13. b3 Na5 14. Nde5 f6 15. Nxd7 Qxd7 16. Bd2 Qb5 17. Re1 Be4 18. Bh3 Kf7 19. Qc1 Rac8 20. Qd1 Ra8 21. Nh4 g5 22. Nf3 h5 23. Bg2 Rh8 24. h3 g4 25. Nh2 Bxg2 26. Kxg2 gxh3+ 27. Kxh3 h4 28. g4 Rag8 29. Qc2 Bd6 30. Nf3 Qd7 31. Rg1 Be7 32. e4 Nc6 33. Rae1 Ke8 34. exd5 exd5 35. Qf5 Kd8 36. Bf4 Rg7 37. Qxd7+ Kxd7 38. Bd2 Bd6 39. Nh2 Ne7 40. f4 Ng6 41. Rgf1 Re8 42. Rxe8 Kxe8 43. f5 Ne7 44. Bf4 Nc8 45. Re1+ Kd7 46. Bh6 Rh7 47. Bd2 Bxh2 48. Kxh2 Nd6 49. Re2 Ne4 50. Be1 c6 51. Re3 Kd6 52. Rh3 Ng5 53. Re3 Ne4 1/2-1/2

[Event "St Petersburg Korchnoi Memorial op"]
[Site "St Petersburg"]
[Date "2023.08.19"]
[Round "2"]
[White "Giryushta, Dmitriy"]
[Black "Troshichev, Yaroslav"]
[Result "0-1"]
[WhiteElo "1161"]
[BlackElo "1640"]
[PlyCount "97"]
[EventDate "2023.08.18"]
[EventType "swiss"]
[EventRounds "9"]
[EventCountry "RUS"]
[SourceTitle "CBM 216 Extra"]
[Source "ChessBase"]
[SourceDate "2023.11.30"]
[SourceVersion "1"]
[SourceVersionDate "2023.11.30"]
[SourceQuality "1"]

1. e4 c6 2. d4 d5 3. exd5 cxd5 4. Bf4 Nc6 5. Nc3 a6 6. Nf3 Bg4 7. Be2 Nf6 8. Ne5 Bxe2 9. Nxe2 e6 10. c3 Bd6 11. Nd3 0-0 12. 0-0 Rc8 13. Re1 Ne7 14. Bxd6 Qxd6 15. Nef4 Nf5 16. Ne5 Nd7 17. Nxd7 Qxd7 18. Qg4 Qd8 19. Re5 Qh4 20. Qf3 Nd6 21. Rh5 Qf6 22. Re5 Nc4 23. Re2 g5 24. Nd3 Qxf3 25. gxf3 h6 26. h3 Kh7 27. f4 gxf4 28. Nxf4 Rg8+ 29. Kh2 Rg5 30. Nd3 Rcg8 31. f3 Nd6 32. Ne5 h5 33. Rf1 Nf5 34. Rff2 R8g7 35. f4 Rg3 36. Rg2 f6 37. Rxg3 Nxg3 38. Rg2 Nf1+ 39. Kg1 Rxg2+ 40. Kxg2 fxe5 41. Kxf1 exf4 42. Kf2 Kg6 43. h4 Kf5 44. Kf3 e5 45. dxe5 Kxe5 46. b3 b5 47. a3 a5 48. a4 bxa4 49. bxa4 0-1

[Event "St Petersburg Korchnoi Memorial op"]
[Site "St Petersburg"]
[Date "2023.08.19"]
[Round "3"]
[White "Novodvorskiy, Dmitriy Al"]
[Black "Giryushta, Dmitriy"]
[Result "1-0"]
[WhiteElo "1529"]
[BlackElo "1161"]
[PlyCount "71"]
[EventDate "2023.08.18"]
[EventType "swiss"]
[EventRounds "9"]
[EventCountry "RUS"]
[SourceTitle "CBM 216 Extra"]
[Source "ChessBase"]
[SourceDate "2023.11.30"]
[SourceVersion "1"]
[SourceVersionDate "2023.11.30"]
[SourceQuality "1"]

1. Nc3 d5 2. d4 Bf5 3. Bf4 a6 4. f3 Nf6 5. g4 Bg6 6. h4 h6 7. e3 e6 8. Bd3 Bxd3 9. Qxd3 Bd6 10. Nge2 c5 11. Kf2 Nc6 12. Rag1 Bxf4 13. Nxf4 cxd4 14. exd4 Qb6 15. g5 hxg5 16. hxg5 Rxh1 17. Rxh1 Ng8 18. Nce2 0-0-0 19. g6 Ne5 20. Qc3+ Kb8 21. gxf7 Nxf7 22. Qe3 e5 23. Nd3 exd4 24. Qxd4 Qf6 25. Rg1 Ng5 26. Qf4+ Qxf4 27. Nexf4 Nh7 28. Rxg7 Nhf6 29. Nc5 Rc8 30. Rxb7+ Ka8 31. Nfd3 d4 32. Rb6 Nd5 33. Rxa6+ Kb8 34. Ra4 Ne3 35. Rxd4 Nxc2 36. Rc4 1-0